000 00500nam a2200181Ia 4500
001 19474
005 20260306172655.0
008 260306t1988||||xx |||||||||||||| ||spa||
041 _aESP
082 _a340
_bA51
100 _aAlzamora Valdez, Mario
_eAUT
245 0 _aEstudios jurídicos en honor de los profesores Carlos Fernández Sessarego y Max Arias Schreiber Pezet
260 _c1988
300 _a440 páginas :
_c24 cm.
650 _aGEN
654 _aCDE
942 _cLIB
_dJUS
_fJUS
_2ddc
_n
999 _c19474
_d19474